000 00500nam a2200169 a 4500
005 20210223120406.0
008 991125s1940 mx 000 0 spa u
035 _aUPN01000000063
049 _aCG
050 4 _aF1234
_bV44
245 0 0 _a21 de abril de 1914.
260 _aMéxico :
_bDepartamento de la Marina Nacional,
_c1940.
300 _a19 p. :
_bil.
506 _aDisponible en la Colección Medina
651 4 _aMEXICO -
_xHISTORIA -
_yINVASIONES NORTEAMERICANAS, 1914-1919
_924220
905 _aLibro
999 _c63
_d63